NHK : 公共放送の歴史と課題
Сохранить в:
| Главный автор: | |
|---|---|
| Формат: | |
| Язык: | Undetermined |
| Опубликовано: |
[東村山]
教育社
1978
|
| Предметы: | |
| Метки: |
Добавить метку
Нет меток, Требуется 1-ая метка записи!
|
| Thư viện lưu trữ: | Trung tâm Học liệu Trường Đại học Cần Thơ |
|---|
| LEADER | 00518nam a2200193Ia 4500 | ||
|---|---|---|---|
| 001 | CTU_87298 | ||
| 008 | 210402s9999 xx 000 0 und d | ||
| 082 | |a 338.8 | ||
| 082 | |b H254 | ||
| 100 | |a 原幸治郎(はら こうじろう) | ||
| 245 | 0 | |a NHK : 公共放送の歴史と課題 | |
| 245 | 0 | |c 原幸治郎 | |
| 260 | |a [東村山] | ||
| 260 | |b 教育社 | ||
| 260 | |c 1978 | ||
| 650 | |a Corporations | ||
| 650 | |x Japan | ||
| 904 | |i Ngoc | ||
| 980 | |a Trung tâm Học liệu Trường Đại học Cần Thơ | ||